Vista normal
Vista MARC
- MODELO DE COMPETENCIAS
Entrada Topical Term
Número de registros utilizados en: 1
001 - CONTROL NUMBER
- control field: 23152
003 - CONTROL NUMBER IDENTIFIER
- control field: OSt
005 - DATE AND TIME OF LATEST TRANSACTION
- control field: 20160928094520.0
008 - FIXED-LENGTH DATA ELEMENTS
- fixed length control field: 160928|| aca||aabn | a|a d
040 ## - CATALOGING SOURCE
- Original cataloging agency: OSt
- Transcribing agency: OSt
150 ## - HEADING--TOPICAL TERM
- Topical term or geographic name entry element: MODELO DE COMPETENCIAS
670 ## - SOURCE DATA FOUND
- Source citation: Work cat.: (OSt)1159: Sastre Castillo, Miguel Ángel 23149, Dirección de recursos humanos: un enfoque estratégico